000 01213aam a2200313 i 4500
001 18620
003 CO-MdFUSB
005 20211016093635.0
008 160829t2012 sp ab||| |||| 00| 0 eng d
020 _a978-84-494-4795-2
040 _cCO-MdFUSB
_bspa.
_aCO-MdFUSB
_dCO-MdFUSBC
_erda
041 _aspa
082 0 4 _aR 410 B58268b
245 0 0 _aBiblioteca de Comunicación
_c / Director del equipo editorial: Carles de Gispert
264 1 _aBarcelona, España :
_bOceano,
_c[2012]
264 4 _c© 2012
300 _a1450 páginas ; Incluye CD
_c;
336 _2rdacontent
_atexto
_btxt
337 _2rdamedia
_asin mediación
_bn
338 _2rdacarrier
_avolumen
_bnc
500 _aIncluye Cd. con diccionario múltiple interactivo
501 _aPasta dura
505 _aTécnicas de aprendizaje comunicativo: Aprendizaje -- Lectura y memorización. Volumen 1: Técnicas de aprendizaje comunicativo. Volumen 2: Expresión y Comunicación 2.0: Expresión oral -- Expresión escrita -- Comunicación 2.0. Volumen 3: Cómo dominar la lengua: Gramática -- Ortografía -- Vocabulario
653 _aTécnicas
653 _aAprendizaje
653 _aEducación
942 _cBK
945 _aEstudiante
999 _c45036
_d45036